Harry Potter Expert Multiple Choice - Statistics

General Stats
  • This quiz has been taken 56 times
  • The average score is 12 of 20
Answer Stats
Question Answer % Correct
How many house elves are mentioned by name in the series? 4
100%
What was Draco’s grandfather’s name? Abraxas
100%
Which did not happen on Halloween? Katie Bell was cursed by a necklace
100%
What is the name of Rita Skeeter’s photographer? Bozo
80%
After rescuing him from Godric’s Hollow as a baby, Hagrid says Harry fell asleep as they were flying over: Bristol
80%
Which Hogwarts Head was also a St. Mungo’s healer? Dilys Derwent
80%
And what killed him? Dragon pox
80%
Which is actually a Rita Skeeter article title? Harry Potter’s Secret Heartache
80%
What was Cedric’s first line of the series? "Hi."
80%
Why is Eloise Midgen’s nose off-center? She accidentally cursed it off and had to get it reattached
80%
We never see Voldemort talk to: Caractacus Burke
60%
As the Mandrakes go through adolescence, which do they not do? Sneak firewhiskey into the greenhouse
60%
Who has the first spoken line in the seventh book? Yaxley
60%
Who is Marius? A guard at Gringotts
40%
What does Ron joke about his tea leaves spelling out? Die, Ron, die
40%
Which is the earliest Ministry Educational Decree mentioned in the fifth book? 22
20%
What does Hagrid buy Harry after his first time in Diagon Alley? A hamburger
20%
How often did Florean Fortescue give Harry free sundaes as he did his homework in Diagon Alley? Every half hour
20%
According to the Sorting Hat, where was Ravenclaw from? "Glen"
20%
How many times is Ron splinched in the series? 3
0%
No matching quizzes found
Score Distribution
Percent of People with Each Score
Percentile by Number Answered
Your Score History
You have not taken this quiz